000 00340nam a22001457a 4500
008 250423b ||||| |||| 00| 0 eng d
020 _a0256015171
041 _aeng
080 _2THIRD EDITION
_a53EDW
082 _253EDW
_a53EDW
100 _a23
101 _aMATEMATIK
245 _aACCOUNTING I
_cJAMES DON EDWARDS
942 _2udc
_cBK
999 _c60701
_d60701